| 000 | 00693cam a2200253 4500 | ||
|---|---|---|---|
| 008 | 000000n2000 000 0 eng u | ||
| 020 | _a1860813887 | ||
| 035 | _a(Sirsi) u107913 | ||
| 041 | _aeng | ||
| 050 | _a729.28 | ||
| 100 | _aLoe, David | ||
| 245 | _aHospitals in the best light: an introduction to hospital lighting | ||
| 260 |
_aLondon _bCRC Ltd _c2000 |
||
| 300 | _a8p. : ill. ; 30cm. | ||
| 350 | _a0 | ||
| 490 |
_aBRE Information Paper _vIP 14/00 |
||
| 650 | _aENERGY EFFICIENCY | ||
| 650 | _aHOSPITALS | ||
| 650 | _aLIGHTING | ||
| 690 | _aBUILT ENVIRONMENT-CONSTRUCTION DESIGN | ||
| 700 | _aPerry, Mike | ||
| 710 | _aBuilding Research Establishment | ||
| 942 | _n0 | ||
| 999 |
_c100732 _d100732 |
||